Statistics for 15 least corrupt countries

Click here to take the quiz!

General Stats

  • This quiz has been taken 50 times
  • The average score is 13 of 15

Answer Stats

ScoreCountry% Correct
86Norway
98%
87Sweden
98%
92Denmark
96%
79Iceland
96%
80Australia
91%
81Canada
91%
89Finland
91%
86Switzerland
91%
78United Kingdom
89%
79Germany
87%
83Netherlands
83%
91New Zealand
83%
76Belgium
77%
82Luxembourg
72%
84Singapore
53%

Score Distribution

Percentile by Number Answered

Percent of People with Each Score

Your Score History

You have not taken this quiz